000 01447nam0a2200337 4500
001 RU\NLR\BIBL_A\022420113
005 20250227171716.0
010 _a978-5-00246-131-8
_9100
021 _aRU
_bКН-П-24-060088
_9КН-П-24-5973
035 _a(NLR Aleph) 022420113
090 _a13338194
_c13338194
100 _a20241224d2024 u y0rusy50 ca
101 0 _arus
102 _aRU
105 _aa z 000ay
181 0 _ai
_bxxxe
182 0 _an
200 1 _aДолгожданное продолжение сказок-детективов о чихуахуа Пинки и её друзьях
_fВоронкевич Е. А.
203 _aТекст
_bвизуальный
_cнепосредственный
210 _aМосква
_cУ Никитских ворот
_d2024
215 _a121, [2] с.
_cил.
_d18
300 _aНа 4-й с. обл. в подписи под обращением к читателям: авт. сказоч. детективов Золотая Собачка Голди
333 _a12+
488 0 _12001#$aСборник сказок-детективов о чихуахуа Пинки и её друзьях
686 0 _aШ9(2)62=Р7-2
700 1 _aВоронкевич
_bЕ. А.
_gЕлена Александровна
_3RU\NLR\AUTH\770277485
942 _cBOOK
980 _aNB